LEADER 02139nam 2200625Ia 450 001 9910452456703321 005 20200520144314.0 010 $a1-61761-354-1 035 $a(CKB)2550000001041705 035 $a(EBL)3018911 035 $a(SSID)ssj0000835600 035 $a(PQKBManifestationID)11474301 035 $a(PQKBTitleCode)TC0000835600 035 $a(PQKBWorkID)10996425 035 $a(PQKB)10646873 035 $a(MiAaPQ)EBC3018911 035 $a(Au-PeEL)EBL3018911 035 $a(CaPaEBR)ebr10661850 035 $a(OCoLC)923659646 035 $a(EXLCZ)992550000001041705 100 $a20100623d2010 uy 0 101 0 $aeng 135 $aur|n|---||||| 181 $ctxt 182 $cc 183 $acr 200 10$aInteractions of herbicide atrazine with DNA$b[electronic resource] /$fMaria Hepel and Magdalena Stobiecka 210 $aNew York $cNova Science Publishers$dc2010 215 $a1 online resource (76 p.) 225 1 $aDNA: properties and modifications, functions and interactions, recombination and applications. 225 1 $aEnvironmental science, engineering and technology. 300 $aDescription based upon print version of record. 311 $a1-61728-908-6 320 $aIncludes bibliographical references and index. 410 0$aDNA--properties and modifications, functions and interactions, recombination and applications series. 410 0$aEnvironmental science, engineering and technology series. 606 $aDNA-drug interactions 606 $aAtrazine$xToxicology 606 $aBiosensors 606 $aEnvironmental monitoring$xMethodology 608 $aElectronic books. 615 0$aDNA-drug interactions. 615 0$aAtrazine$xToxicology. 615 0$aBiosensors. 615 0$aEnvironmental monitoring$xMethodology. 676 $a572.8/6 700 $aHepel$b Maria$0914393 701 $aStobiecka$b Magdalena$0914394 801 0$bMiAaPQ 801 1$bMiAaPQ 801 2$bMiAaPQ 906 $aBOOK 912 $a9910452456703321 996 $aInteractions of herbicide atrazine with DNA$92048563 997 $aUNINA LEADER 02861oas 22010813a 450 001 9910381359803321 005 20251105213014.0 011 $a1940-5014 035 $a(OCoLC)174150483 035 $a(CONSER) 2007215291 035 $a(CKB)111085433358000 035 $a(EXLCZ)99111085433358000 100 $a20071015b20022007 sy a 101 0 $aeng 135 $aurcnu|||||||| 181 $ctxt$2rdacontent 182 $cc$2rdamedia 183 $acr$2rdacarrier 200 10$aJournal of group psychotherapy, psychodrama & sociometry 210 $aWashington, D.C. $cHeldref Publications$d©2002-©2007 300 $aRefereed/Peer-reviewed 311 08$a1545-3855 517 3 $aJournal of group psychotherapy, psychodrama and sociometry 517 3 $aJGPPS 606 $aGroup psychotherapy$vPeriodicals 606 $aDrama$xTherapeutic use$vPeriodicals 606 $aSociometry$vPeriodicals 606 $aPsychodrama 606 $aPsychotherapy, Group 606 $aSociometric Techniques 606 $aPsychothe?rapie de groupe$vPe?riodiques 606 $aSociome?trie$vPe?riodiques 606 $aPsychodrame 606 $aPsychothe?rapie de groupe 606 $aDrama$xTherapeutic use$2fast$3(OCoLC)fst00897516 606 $aGroup psychotherapy$2fast$3(OCoLC)fst00948490 606 $aSociometry$2fast$3(OCoLC)fst01123975 608 $aPeriodicals.$2fast 615 0$aGroup psychotherapy 615 0$aDrama$xTherapeutic use 615 0$aSociometry 615 12$aPsychodrama. 615 22$aPsychotherapy, Group. 615 22$aSociometric Techniques. 615 6$aPsychothe?rapie de groupe 615 6$aSociome?trie 615 6$aPsychodrame. 615 6$aPsychothe?rapie de groupe. 615 7$aDrama$xTherapeutic use. 615 7$aGroup psychotherapy. 615 7$aSociometry. 676 $a616 712 02$aAmerican Society of Group Psychotherapy and Psychodrama 801 0$bIDL 801 1$bIDL 801 2$bIDL 801 2$bNSD 801 2$bGUA 801 2$bLGG 801 2$bOCLCQ 801 2$bHEBIS 801 2$bDEBBG 801 2$bOCLCQ 801 2$bOCLCO 801 2$bOCLCF 801 2$bDLC 801 2$bOCLCO 801 2$bOCLCQ 801 2$bOCLCO 801 2$bOCLCQ 801 2$bREB 801 2$bOCLCO 801 2$bMOW 801 2$bOCLCO 801 2$bAU@ 801 2$bOCLCO 801 2$bWYU 801 2$bOCLCO 801 2$bOCLCA 801 2$bVT2 801 2$bSFB 801 2$bCNMTR 801 2$bOCLCQ 801 2$bDYJ 801 2$bOCLCL 801 2$bCSU 801 2$bUKMGB 801 2$bXFH 801 2$bOCLCQ 906 $aJOURNAL 912 $a9910381359803321 996 $aJournal of group psychotherapy, psychodrama & sociometry$92497381 997 $aUNINA